000 00583nam a2200193 4500
001 14630
003 BD-RjUL
005 20211208235649.0
008 140206s1997 ii ||||| |||| 00| 0 eng d
035 _a(BD-RjUL)14683
040 _aBD-RjUL
_beng
_cBD-RjUL
_dBD-RjUL
041 _aeng
082 _a638.2
_bPRI 1997
245 _aPrinciples and techniques of silkworm breeding /
260 _aNew York : United Nations,
_b Economic and Social Commission for Asia and the Pacific,
_c1999
300 _avi, 114 p. :
_bill. ;
_c 27 cm.
650 _asilkworm
_9163643
942 _2ddc
_cBK
999 _c14630
_d14630